| 000 -LEADER |
| fixed length control field |
00828nam a22002297a 4500 |
| 005 - DATE AND TIME OF LATEST TRANSACTION |
| control field |
20221107164316.0 |
| 008 - FIXED-LENGTH DATA ELEMENTS--GENERAL INFORMATION |
| fixed length control field |
200810b xxu||||| |||| 00| 0 geo d |
| 020 ## - INTERNATIONAL STANDARD BOOK NUMBER |
| International Standard Book Number |
9781260566666 X |
| 041 ## - LANGUAGE CODE |
| Language code of text/sound track or separate title |
eng |
| 080 ## - UNIVERSAL DECIMAL CLASSIFICATION NUMBER |
| Universal Decimal Classification number |
612 G-19 |
| 245 ## - TITLE STATEMENT |
| Title |
Ganong's Review Medical Physiology / |
| Statement of responsibility, etc. |
Kim E. Barrett, Susan M. Barman, Heddwen L. Brooks, Jason X.-J. Yuan |
| 250 ## - EDITION STATEMENT |
| Edition statement |
Twenty-sixth edition |
| 264 ## - PRODUCTION, PUBLICATION, DISTRIBUTION, MANUFACTURE, AND COPYRIGHT NOTICE |
| Place of production, publication, distribution, manufacture |
New York: |
| Name of producer, publisher, distributor, manufacturer |
McGraw Hill, |
| Date of production, publication, distribution, manufacture, or copyright notice |
2019. |
| 300 ## - PHYSICAL DESCRIPTION |
| Extent |
742 p. |
| Other physical details |
ill. |
| Dimensions |
30 cm. |
| 653 ## - INDEX TERM--UNCONTROLLED |
| keyword |
ფიზიოლოგია |
| 653 ## - INDEX TERM--UNCONTROLLED |
| keyword |
მედიცინა |
| 700 ## - ADDED ENTRY--PERSONAL NAME |
| Personal name |
Kim E. Barrett, Jason X.-J. Yuan |
| Relator term |
ავტორი |
| 9 (RLIN) |
9161 |
| 700 ## - ADDED ENTRY--PERSONAL NAME |
| Personal name |
Susan M. Barman, |
| Relator term |
ავტორი |
| 9 (RLIN) |
9162 |
| 700 ## - ADDED ENTRY--PERSONAL NAME |
| Personal name |
Heddwen L. Brooks, |
| Relator term |
ავტორი |
| 9 (RLIN) |
9163 |
| 700 ## - ADDED ENTRY--PERSONAL NAME |
| Personal name |
Jason X.-J. Yuan |
| Relator term |
ავტორი |
| 9 (RLIN) |
9164 |
| 942 ## - ADDED ENTRY ELEMENTS (KOHA) |
| Source of classification or shelving scheme |
|
| Koha item type |
წიგნი |